Big Bang theory - Statistiques

Statistiques générales
  • Ce quiz a été pris 807 fois
  • Le résultat moyen est 12 sur 15
Statistiques - réponses
Question Réponse % Correct
Quel est le nom de famille de Leonard ? Hofstadter
98%
Comment s'appelle le colocataire de Sheldon ? Léonard
97%
Quel est le nom du bar ou travaille Penny ? Cheese Cake Factory
96%
Comment s'appelle l'acteur de sheldon ? Jim Parsons
96%
Qui est Stuart Bloom ? Le vendeur de BD
96%
Quel est le nom de famille de Bernadette ? Rostenkowski
95%
Ou a grandit Sheldon ? Texas
92%
Dans quelle ville se passe l'histoire ? Pasadena
90%
Combien d'enfants ont Bernadette et Howard ? 2
88%
Combien il y a-t-il de saisons au total ? 12
82%
Comment s'appelle la mère de Leonard ? Beverly
81%
Ou a étudier Howard ? MIT au Massachusetts
68%
Qui est Leslie Winkle ? L'ex sexfriend de Leonard
62%
Lors de quelle saison Bernadette est apparue ? 3
47%
En quelle année est né Leonard ? 1980
21%
Aucun quiz correspondant
Distribution des résultats
% des personnes avec chaque résultat
Percentile par nombre de réponses
Votre historique - résultats
Vous n’avez pas pris ce quiz